Výsledky analýzy MPSV ČR za rok 1992. Příjmy rostly rychleji než inflace.

Vývoj miezd a celkových príjmov obyvateľstva v závislosti od rastu životných nákladov v ČR v r. 1991-1992. Vývoj priemernej nominálnej mzdy, spotrebiteľských cien, životných nákladov skupiny zamestnancov, ako aj reálnej mzdy zo spotrebiteľských cien a zo životných nákladov. Odhad vývoja životných ná...

Descrizione completa

Salvato in:
Dettagli Bibliografici
Autore principale: Řezáč, J.
Natura: Capitolo di libro
Lingua:ceco
Soggetti:
Tags: Aggiungi Tag
Nessun Tag, puoi essere il primo ad aggiungerne!!

MARC

LEADER 00000naa a2200000 4500
001 r013262
005 20221205080008.7
041 0 |a cze 
044 |a SK 
245 1 0 |a Výsledky analýzy MPSV ČR za rok 1992.  |b Příjmy rostly rychleji než inflace.  |c J. Řezáč 
520 |a Vývoj miezd a celkových príjmov obyvateľstva v závislosti od rastu životných nákladov v ČR v r. 1991-1992. Vývoj priemernej nominálnej mzdy, spotrebiteľských cien, životných nákladov skupiny zamestnancov, ako aj reálnej mzdy zo spotrebiteľských cien a zo životných nákladov. Odhad vývoja životných nákladov. 
610 2 0 |a mzdy 
610 2 0 |a príjmy obyvateľstva 
610 2 0 |a analýza ekonomická 
610 2 0 |a náklady životné 
610 2 0 |a 1992 
610 2 0 |a inflácia 
610 2 0 |a Čechy 
610 2 0 |a ceny maloobchodné 
100 1 |a Řezáč, J.